| 000 | 00720nam a2200169 a 4500 | ||
|---|---|---|---|
| 008 | 170503s2015 ||||||||||||||||| || u | ||
| 020 | _a9780123971579 | ||
| 050 | _aQH 499 Ste | ||
| 100 | _aVishwakarma, Ajaykumar | ||
| 245 | 1 | 0 |
_aStem cell biology and tissue engineering in dental sciences _cEdited By Ajaykumar Vishwakarma, Paul Sharpe, Songtao Shi {and} Murugan Ramalingam |
| 260 |
_aAmsterdam: _bElsevier _c2015 |
||
| 300 | _axxxi, 900p.: ill. | ||
| 350 | _a42.00 | ||
| 650 | _aREGENERATIVE MEDICINE | ||
| 650 | _aSTEM CELLS | ||
| 995 |
_aMICHAEL CHILUFYA SATA OPEN ACCESS _e904030 _FCBU-SCHOOL OF MEDICINE LIBRARY (Ndola) _I42.00 _jQH 499 Ste _M1 _UAVAILABLE _WMay 3, 2017 _y904030 _ZMedical Library Open Access Collection |
||
| 999 |
_c32754 _d32754 |
||